La salud en Chile 1992: informe nacional del proyecto DISAL
সংরক্ষণ করুন:
| সংস্থা লেখক: | |
|---|---|
| বিন্যাস: | গ্রন্থ |
| ভাষা: | স্প্যানিশ |
| প্রকাশিত: |
Santiago
Ministerio de Salud
1993
|
| বিষয়গুলি: | |
| ট্যাগগুলো: |
ট্যাগ যুক্ত করুন
কোনো ট্যাগ নেই, প্রথমজন হিসাবে ট্যাগ করুন!
|
MARC
| LEADER | 00000nam a2200000 a 4500 | ||
|---|---|---|---|
| 001 | UCX9121 | ||
| 003 | CL-VaPUC | ||
| 008 | 940517e19930000CL |||||||||||||||||spa|d | ||
| 082 | 0 | 4 | |a 351.841 |b MIN |2 21 |
| 110 | 2 | |a Ministerio de Salud |e author |9 326441 | |
| 245 | 1 | 3 | |a La salud en Chile 1992: informe nacional del proyecto DISAL |
| 300 | |a 219 p | ||
| 942 | |c BK | ||
| 945 | |d 19940517 00:00:00 |a mfernand | ||
| 260 | |a Santiago |b Ministerio de Salud |c 1993 | ||
| 650 | 0 | |a Servicios de salud |9 326442 | |
| 650 | 0 | |a Servicios de salud |9 312751 | |
| 650 | 0 | |a Salud pública |9 258913 | |
| 651 | 7 | |a CHILE |2 CL-VaPUC |9 326443 | |
| 583 | |a last modification |c 20160929 08:38:58 |k Rodrigo Vera | ||
| 999 | |c 228446 |d 228444 | ||
| 952 | |0 0 |1 0 |4 0 |6 351_841000000000000_MIN_1993 |7 0 |8 A |9 228516 |a BIBGIM |b BIBGIM |d 2019-11-15 |i 297715K |o 351.841 MIN 1993 |p 297715K |r 2025-01-15 |w 2019-11-15 |y BK |k SSL | ||